| 000 -ლიდერი |
| ფიქსირებული სიგრძის საკონტროლო ველი |
01317nam a2200265Ia 4500 |
| 001 - საკონტროლო ნომერი |
| საკონტროლო ველი |
20000 |
| 003 - საკონტროლო ნომრის იდენტიფიკატორი |
| საკონტროლო ველი |
GE_BSU |
| 005 - ბოლო ოპერაციის თარიღი და დრო |
| საკონტროლო ველი |
20250319162337.0 |
| 008 - ფიქსირებული სიგრძის მონაცემთა ელემენტები - ზოგადი ინფორმაცია |
| ფიქსირებული სიგრძის საკონტროლო ველი |
181216s1978||||ge |||||||||||||| ||geo|| |
| 040 ## - კატალოგიზაციის წყარო |
| Transcribing agency |
GE_BSU |
| 041 ## - ენის კოდი |
| Language code of text/sound track or separate title |
geo |
| 080 ## - უნივერსალური ათობითი კლასიფიკაციის ინდექსი |
| Universal Decimal Classification number |
821.111-31 რ-57 |
| 100 ## - მთავარი ჩანაწერი - პიროვნების სახელი |
| Personal name |
რიდი, თომას მაინ |
| 9 (RLIN) |
19279 |
| 245 ## - ცნობა სათაურის შესახებ |
| Title |
თხზულებანი : 8 ტომად. ტ. 8, კვარტერონი : |
| Remainder of title |
რომანი / |
| Statement of responsibility, etc |
თომას მაინ რიდი ; ინგლ. თარგმნა ვ. ტატიშვილმა ; [სარედ. კოლ.: გ. გაჩეჩილაძე, ლ. გოგოხია, ელგ. მაღრაძე და სხვ.] |
| 264 ## - წარმოების, გამოცემის, დისტრიბუციის და სხვა ცნობები |
| გამოცემის, წარმოების, დისტრიბუციის... ადგილი |
თბილისი : |
| გამოცემის, წარმოების, დისტრიბუციის... სახელწოდება |
ნაკადული, |
| გამოცემის, წარმოების, დისტრიბუციის... თარიღი |
1978. |
| 300 ## - ფიზიკური აღწერა |
| Extent |
334 გვ. ; |
| Dimensions |
18 სმ. |
| 653 ## - INDEX TERM--UNCONTROLLED |
| Uncontrolled term |
თხზულებანი |
| 653 ## - INDEX TERM--UNCONTROLLED |
| Uncontrolled term |
კვარტერონი |
| 700 ## - ADDED ENTRY--PERSONAL NAME |
| Personal name |
ტატიშვილი, ვ. |
| Relator term |
მთარგმნელი |
| 9 (RLIN) |
14731 |
| 700 ## - ADDED ENTRY--PERSONAL NAME |
| Personal name |
გოგოხია, ლ. |
| Relator term |
რედაქტორი |
| 9 (RLIN) |
10203 |
| 700 ## - ADDED ENTRY--PERSONAL NAME |
| Personal name |
გაჩეჩილაძე, გ. |
| Relator term |
რედაქტორი |
| 9 (RLIN) |
397 |
| 700 ## - ADDED ENTRY--PERSONAL NAME |
| Personal name |
მაღრაძე, ელგ. |
| Relator term |
რედაქტორი |
| 9 (RLIN) |
24614 |
| 942 ## - ADDED ENTRY ELEMENTS (KOHA) |
| Koha item type |
წიგნი |
| Source of classification or shelving scheme |
|